000 00509nam a2200169 i 4500
001 bg
245 0 _aDialog i spór z György Lukacsem :
_bpolemiki metodologiczne /
_cpod red. W. Mittenzweia.
260 _aWarszawa,
_c1984.
490 1 _aBiblioteka Krytyki Współczesnej
700 1 _aMittenzwei, W.
_eRed.
830 _aBiblioteka Krytyki Współczesnej
040 _cBPK
041 _apol
080 _a82.0:7.01:141.82:929(439)"18/19"A/Z
942 _cKS
008 s pl f |000 0 pol
999 _c22488
_d22488
856 _uhttp://koha.tu.koszalin.pl/cgi-bin/koha/opac-detail.pl?biblionumber=22488
_yKatalog online BPK